000
00346nam a2200157Ia 4500
003
Ost
005
20260225132552.0
008
260225s9999||||xx |||||||||||||| ||und||
040
_c
fsic
041
_a
fre
082
_a
331.25
100
_a
André Helbo
_e
Auteur
245
0
_a
L'enjeu du discours /
245
0
_c
André Helbo
942
_c
كتاب
999
_c
34182
_d
34182